00584nam a2200193Ia 4500003000900000008004100009020001600050040001600066080001600082100001900098245012300117260003900240300001300279650001400292650003000306650001900336650001800355700001700373IN-BaIIA211028s9999 xx 000 0 eng d a486-60507-8 cIIA Library a535.33bBLA aBlakman, R. B. 4aThe measurement of power spectra : from the point of view of communications engineeringcR.B. Blackman and J.W. Tukey. aNew YorkbDover Publicationsc1958 ax, 190p. aAcoustics aCommunication Engineering aNASA Thesaurus aPower Spectra aTukey, J. W.